| 000 | 00640nam a2200205 a 4500 | ||
|---|---|---|---|
| 001 | 000021081 | ||
| 005 | 20200930011229.0 | ||
| 008 | 100830s1999 sp r 000 f spa d | ||
| 020 | _a8479534303 | ||
| 040 |
_aDO-SdBNP _bspa _cBNPHU |
||
| 082 |
_a813.54 _bM146b |
||
| 100 | 1 |
_aMcGoldrick, May _944084 |
|
| 240 | 1 | 0 |
_aThe beauty of myst _lEspañol |
| 245 | 1 | 0 |
_aBella en la niebla / _cMay McGoldrick; traducción de Cristina Sanz. |
| 260 |
_aBarcelona : _bEdiciones Urano, _c1999. |
||
| 300 |
_a465 p. ; _c18 cm. |
||
| 650 | 4 |
_aNovela estadounidense _9262 |
|
| 650 | 4 |
_aLiteratura estadounidense _9263 |
|
| 700 | 1 |
_aSanz, Cristina _etr. _944085 |
|
| 999 |
_c20583 _d20583 |
||